000 00495nam a2200181Ia 4500
001 18552
005 20260306171639.0
008 260306s9999||||xx |||||||||||||| ||und||
041 _aESP
082 _a658.408
_bM86
100 _aMoreno, Ana
_eAUT
245 0 _aLa responsabilidad social empresarial:
_boportunidades estratégicas, organizativas y de recursos humanos
260 _c2010
300 _a299 páginas :
_c24 cm.
650 _aGEN
654 _aCAN
942 _cLIB
_dJUS
_fJUS
_2ddc
_n
999 _c18552
_d18552